000 00709nam a2200241Ia 4500
003 OSt
005 20220918201130.0
006 a|||||r|||| 00| 0
007 ta
008 220917b |||||||| |||| 00| 0 eng d
024 _a91,907
037 _cTextual
040 _aARTS
_cARTS
_beng
041 _2eng
_aeng
082 _aU8.73.M42, K6
100 _aFremont J C
_997005
245 0 _aReport of the exploring expedetion to the Rocky Mountains in year 1842 and the oregon and North California in the Year 1843-44
260 _aA Arbor
_bMicro
_c1966
300 _a174p.
_ccm.
650 _aGEOGRAPHY
942 _hU8.73.M42, K6
_cTEXL
_2CC
999 _c215561
_d215561